Catálogo
Digital

Catálogo
Digital

Últimos Modelos de demandas (Record no. 14110)

MARC details
000 -CABECERA
campo de control de longitud fija 01482nam a2200301 4500
003 - IDENTIFICADOR DEL NÚMERO DE CONTROL
campo de control EC-UNACH
005 - FECHA Y HORA DE LA ÚLTIMA TRANSACCIÓN
campo de control 20251028172652.0
006 - CÓDIGOS DE INFORMACIÓN DE LONGITUD FIJA--CARACTERÍSTICAS DEL MATERIAL ADICIONAL
campo de control de longitud fija s||||gr|||| 00| 00
008 - DATOS DE LONGITUD FIJA--INFORMACIÓN GENERAL
campo de control de longitud fija 150116t9999 mx r gr 000 0 spa d
020 ## - NÚMERO INTERNACIONAL ESTÁNDAR DEL LIBRO
Número Internacional Estándar del Libro 9978-41-173-9
040 ## - FUENTE DE LA CATALOGACIÓN
Centro catalogador/agencia de origen EC-UNACH
Centro/agencia transcriptor EC-UNACH
041 ## - CÓDIGO DE LENGUA
Código de lengua del texto/banda sonora o título independiente spa
082 04 - NÚMERO DE LA CLASIFICACIÓN DECIMAL DEWEY
Número de edición 23
Número de clasificación 342
Número de documento/Ítem L017910
110 ## - ENTRADA PRINCIPAL--NOMBRE DE ENTIDAD CORPORATIVA
Nombre de entidad corporativa o nombre de jurisdicción como elemento de entrada Aplicaciones Graficas
245 ## - MENCIÓN DE TÍTULO
Título Últimos Modelos de demandas
250 ## - MENCIÓN DE EDICIÓN
Mención de edición Cuarta edición
264 ## - Producción, publicación, distribución, fabricación y copyright
Lugar de producción, publicación, distribución, fabricación Ecuador
Nombre del de productor, editor, distribuidor, fabricante Aplicaciones Graficas
Fecha de de producción, publicación, distribución, fabricación o copyright 2009
300 ## - DESCRIPCIÓN FÍSICA
Extensión 691
505 ## - NOTA DE CONTENIDO CON FORMATO
Nota de contenido con formato Sección Teórica - El proceso - El juicio verbal sumario - Sección Practica - Modelos de demandas, contestación a las demandas y jurisprudencia - - Tomo 2- Sección Teórica - El juicio ejecutivo - Sección practica - - Tomo 3 - Sección teórica - El juicio Ordinario - Sección Practica - Recientes modelos de demandas en los juicios verbal sumario y ordinario - Modelos de demandas área de inquilinato - Modelos de demandas área laboral - modelo de demandas que tienen el trámite ordinario - Modelo de demandas que se ventilan en juicio verbal sumario - Modelos de demandas de alimentos que por ley se deben a ciertas personas.
650 ## - PUNTO DE ACCESO ADICIONAL DE MATERIA--TÉRMINO DE MATERIA
Término de materia o nombre geográfico como elemento inicial Juicios Verbal sumario ejecutivo y ordinario
650 ## - PUNTO DE ACCESO ADICIONAL DE MATERIA--TÉRMINO DE MATERIA
Término de materia o nombre geográfico como elemento inicial El proceso
650 ## - PUNTO DE ACCESO ADICIONAL DE MATERIA--TÉRMINO DE MATERIA
Término de materia o nombre geográfico como elemento inicial Modelo de demanda de tramite ordinario.
700 ## - PUNTO DE ACCESO ADICIONAL--NOMBRE DE PERSONA
Nombre de persona Dr Ramiro López Garcés Msc
942 ## - ELEMENTOS DE PUNTO DE ACCESO ADICIONAL (KOHA)
Fuente del sistema de clasificación o colocación Clasificación Decimal Dewey
Tipo de ítem Koha Libros
999 ## - NÚMEROS DE CONTROL DE SISTEMA (KOHA)
Koha biblionumber 14110
Holdings
Estado de pérdida Fuente del sistema de clasificación o colocación Estado dañado No para préstamo Localización permanente Ubicación/localización actual Ubicación en estantería Fecha de adquisición Fuente de adquisición Número de inventario Total de préstamos Signatura topográfica completa Código de barras Fecha visto por última vez Precio válido a partir de Tipo de ítem Koha Centro de costos
  Clasificación Decimal Dewey     Biblioteca Campus Norte Biblioteca Campus Norte Facultad de Ciencias Políticas y Administrativas - Generalidades 28/10/2025 Transitoria segunda Resolución N°0311-CU-UNACH-SE-ORD-16-09-24 39932767   342 LOP L017910 L017910 28/10/2025 28/10/2025 Libros  

Powered by Koha